| 000 | 00677nam a22002057a 4500 | ||
|---|---|---|---|
| 082 |
_a526.9 _bBOU _cL-16, P-33 |
||
| 100 |
_aBrinker, Russel C. _939647 |
||
| 245 |
_aSurveying _cRussel C. Brinker. |
||
| 260 |
_aScranton, Pennsylvania : _bInternational Textbook Company, _c1964. |
||
| 300 | _aViii, 664 p. : | ||
| 526 |
_a0 _b0 _c0 _d526_900000000000000_BOU |
||
| 526 |
_a0 _b0 _c0 _d526_900000000000000_BOU |
||
| 526 |
_a0 _b0 _c0 _d526_900000000000000_BOU |
||
| 526 |
_a0 _b0 _c0 _d526_900000000000000_BOU |
||
| 526 |
_a0 _b0 _c0 _d526_900000000000000_BOU |
||
| 526 |
_a0 _b0 _c0 _d526_900000000000000_BOU |
||
| 650 |
_aMCE _9379 |
||
| 700 |
_aHarry Bouchard _939648 |
||
| 942 |
_2ddc _cBK |
||
| 999 |
_c544101 _d544101 |
||